[Event "EU-ch U12 Girls 31st"]
[Site "Mamaia"]
[Date "2023.09.13"]
[Round "8"]
[White "Allard Nedellec, Anna"]
[Black "Beber, Anja"]
[Result "0-1"]
[WhiteElo "1501"]
[BlackElo "1792"]
[PlyCount "78"]
[EventDate "2023.09.05"]
[EventType "swiss"]
[EventRounds "9"]
[EventCountry "ROU"]
[SourceTitle "EXT 2024"]
[Source "ChessBase"]
[SourceDate "2023.10.10"]
[SourceVersion "1"]
[SourceVersionDate "2023.10.10"]
[SourceQuality "1"]

1. e4 d6 2. d4 Nf6 3. Nc3 g6 4. f3 Bg7 5. Be3 c6 6. Qd2 b5 7. Bd3 e5 8. dxe5 dxe5 9. Nge2 0-0 10. 0-0 Be6 11. b4 a5 12. a3 Nbd7 13. Nd1 axb4 14. Qxb4 Qc7 15. c3 Ra4 16. Qb2 Rfa8 17. Bc2 R4a6 18. Bb3 Bxb3 19. Qxb3 Bf8 20. c4 Rxa3 21. Rxa3 Rxa3 22. Qc2 b4 23. Nc1 Qa5 24. Qb2 Qa6 25. Qc2 Nb6 26. Bxb6 Qxb6+ 27. Kh1 Nd7 28. Nd3 Qd4 29. N1b2 b3 30. Qb1 Nb6 31. Rd1 Nxc4 32. Nxc4 Qxc4 33. Nxe5 Qc2 34. Nd3 c5 35. Ne1 Qxb1 36. Rxb1 c4 37. Kg1 c3 38. Nd3 c2 39. Rc1 Bc5+ 0-1

[Event "FRA-ch U12/16 Girls"]
[Site "Agen"]
[Date "2023.04.30"]
[Round "9"]
[White "Benhadid, Jeilynn"]
[Black "Allard Nedellec, Anna"]
[Result "1/2-1/2"]
[WhiteElo "1439"]
[BlackElo "1417"]
[PlyCount "100"]
[EventDate "2023.04.23"]
[EventType "swiss"]
[EventRounds "9"]
[EventCountry "FRA"]
[SourceTitle "CBM 214 Extra"]
[Source "ChessBase"]
[SourceDate "2023.07.31"]
[SourceVersion "1"]
[SourceVersionDate "2023.07.31"]
[SourceQuality "1"]

1. d4 d5 2. c4 c6 3. Nc3 Nf6 4. Nf3 e6 5. Bg5 Nbd7 6. e3 Be7 7. Bd3 0-0 8. 0-0 b6 9. e4 Nxe4 10. Nxe4 dxe4 11. Bxe7 Qxe7 12. Bxe4 Bb7 13. a3 Nf6 14. Bd3 Rfd8 15. Qe2 Qc7 16. h3 Rd7 17. b4 Rad8 18. Rfd1 c5 19. dxc5 bxc5 20. Qe3 Be4 21. Be2 Rxd1+ 22. Rxd1 Rxd1+ 23. Bxd1 cxb4 24. Nd2 Bc6 25. axb4 Qb7 26. Bf3 Bxf3 27. Qxf3 Qxf3 28. Nxf3 Nd7 29. Nd4 Nb6 30. c5 Nc8 31. Kf1 Kf8 32. Ke2 Ke8 33. b5 Kd7 34. Kd3 Kc7 35. Kc4 Ne7 36. Kb4 e5 37. Ne2 f5 38. Ka5 Kb8 39. Ka6 Nd5 40. Ka5 f4 41. f3 Ne3 42. g4 Nc2 43. Ka6 Nd4 44. Ng1 g5 45. c6 h6 46. Ka5 Kc7 47. Ka6 Kb8 48. Ka5 Kc7 49. Ka6 Kb8 50. Ka5 Kc7 1/2-1/2

[Event "FRA-ch U12/16 Girls"]
[Site "Agen"]
[Date "2023.04.29"]
[Round "8"]
[White "Allard Nedellec, Anna"]
[Black "Castagnerol, Cerise"]
[Result "1/2-1/2"]
[WhiteElo "1417"]
[BlackElo "1504"]
[PlyCount "105"]
[EventDate "2023.04.23"]
[EventType "swiss"]
[EventRounds "9"]
[EventCountry "FRA"]
[SourceTitle "CBM 214 Extra"]
[Source "ChessBase"]
[SourceDate "2023.07.31"]
[SourceVersion "1"]
[SourceVersionDate "2023.07.31"]
[SourceQuality "1"]

1. e4 e5 2. Nc3 Nf6 3. f4 d5 4. fxe5 Nxe4 5. Qf3 Nc6 6. Bb5 Nxc3 7. dxc3 Qe7 8. Qg3 Bd7 9. Bxc6 Bxc6 10. Bf4 h6 11. h4 0-0-0 12. 0-0-0 f6 13. Nf3 Qf7 14. Kb1 Bc5 15. h5 Be8 16. Qh3+ Bd7 17. Qg3 Bf5 18. Nh4 Be4 19. Ng6 Rhg8 20. Rhf1 Bb6 21. exf6 gxf6 22. Bxh6 Bxg6 23. hxg6 Rxg6 24. Qh3+ Kb8 25. Bf4 Rgg8 26. g3 Ka8 27. Qf5 c6 28. Rd3 Qg6 29. Qxg6 Rxg6 30. Rdf3 Re8 31. b3 a6 32. Rh1 d4 33. cxd4 Bxd4 34. c3 Bc5 35. Rh2 Rg7 36. Rd3 Rge7 37. Kc2 Ka7 38. Rhd2 Be3 39. Re2 Bxf4 40. Rxe7 Rxe7 41. gxf4 Re2+ 42. Rd2 Re6 43. Kd3 Kb6 44. Re2 Rxe2 45. Kxe2 Kc5 46. Ke3 f5 47. Kd3 b5 48. a3 a5 49. a4 b4 50. c4 Kd6 51. Kd4 c5+ 52. Kd3 Ke6 53. Ke3 1/2-1/2

[Event "FRA-ch U12/16 Girls"]
[Site "Agen"]
[Date "2023.04.28"]
[Round "7"]
[White "Bouhlel, Lina"]
[Black "Allard Nedellec, Anna"]
[Result "0-1"]
[WhiteElo "1276"]
[BlackElo "1417"]
[PlyCount "68"]
[EventDate "2023.04.23"]
[EventType "swiss"]
[EventRounds "9"]
[EventCountry "FRA"]
[SourceTitle "CBM 214 Extra"]
[Source "ChessBase"]
[SourceDate "2023.07.31"]
[SourceVersion "1"]
[SourceVersionDate "2023.07.31"]
[SourceQuality "1"]

1. e4 e6 2. Nf3 d5 3. e5 c5 4. b4 c4 5. d4 Bxb4+ 6. c3 Be7 7. h4 Nc6 8. Ba3 Qa5 9. Bxe7 Ngxe7 10. Rh3 h6 11. Qd2 Bd7 12. Qf4 Rf8 13. Qc1 0-0-0 14. Na3 b5 15. Nd2 Kc7 16. Rb1 Rb8 17. Be2 Ng6 18. Nc2 a6 19. Nb4 Nxb4 20. cxb4 Qb6 21. Nb3 f6 22. h5 Ne7 23. exf6 Rxf6 24. Nc5 Qd6 25. Ra3 Ra8 26. Ra5 Bc8 27. a4 Nc6 28. axb5 Nxa5 29. bxa5 axb5 30. Rxb5 Qf4 31. Qa1 Qxf2+ 32. Kd2 Rf4 33. a6 Qxd4+ 34. Kc2 Qxa1 0-1

[Event "FRA-ch U12 Girls"]
[Site "Agen"]
[Date "2022.04.24"]
[Round "9"]
[White "Allard Nedellec, Anna"]
[Black "Lissillour, Agathe"]
[Result "1-0"]
[WhiteElo "1525"]
[BlackElo "1175"]
[PlyCount "109"]
[EventDate "2022.04.16"]
[EventType "swiss"]
[EventRounds "9"]
[EventCountry "FRA"]
[SourceTitle "EXT 2023"]
[Source "ChessBase"]
[SourceDate "2022.10.05"]
[SourceVersion "1"]
[SourceVersionDate "2022.10.05"]
[SourceQuality "1"]

1. e4 e5 2. Nf3 Nc6 3. Nc3 Nf6 4. Bb5 Nd4 5. Nxd4 exd4 6. e5 dxc3 7. exf6 cxd2+ 8. Qxd2 Qxf6 9. 0-0 c6 10. Bd3 d5 11. Re1+ Be6 12. c3 Bd6 13. b3 Qh4 14. h3 0-0 15. Qg5 Be7 16. Qxh4 Bxh4 17. Bb2 Bf6 18. f4 Rfe8 19. Re2 Bh4 20. Kh2 Bd7 21. Re5 h6 22. c4 f6 23. Rh5 Bf2 24. cxd5 Re3 25. Bc4 Kh7 26. Bd4 Bg3+ 27. Kg1 Ree8 28. Bd3+ Kh8 29. Rf1 cxd5 30. Bb1 Re2 31. Bxf6 Rae8 32. Rxh6+ Kg8 33. Rg6 R8e6 34. Rxg7+ Kf8 35. Rxg3 Rxf6 36. Rgf3 Rf7 37. R3f2 Re3 38. Bg6 Rg7 39. f5 d4 40. Rd1 d3 41. Rfd2 Bb5 42. a4 Ba6 43. b4 Bc4 44. h4 Rd7 45. Kf2 Rde7 46. f6 Re2+ 47. Kf1 R7e6 48. Bxd3 Bxd3 49. Rxd3 R2e4 50. Rd4 Rxf6+ 51. Kg1 Re2 52. Rd8+ Kg7 53. R8d7+ Kg8 54. Rxb7 Rg6 55. Rd8+ 1-0

[Event "FRA-ch U12 Girls"]
[Site "Agen"]
[Date "2022.04.23"]
[Round "8"]
[White "Verdier, Anais"]
[Black "Allard Nedellec, Anna"]
[Result "1/2-1/2"]
[WhiteElo "1262"]
[BlackElo "1525"]
[PlyCount "102"]
[EventDate "2022.04.16"]
[EventType "swiss"]
[EventRounds "9"]
[EventCountry "FRA"]
[SourceTitle "EXT 2023"]
[Source "ChessBase"]
[SourceDate "2022.10.05"]
[SourceVersion "1"]
[SourceVersionDate "2022.10.05"]
[SourceQuality "1"]

1. d4 d5 2. Nf3 Nf6 3. c4 c6 4. Nc3 e6 5. e3 Nbd7 6. cxd5 exd5 7. Bd3 Bd6 8. 0-0 0-0 9. Qc2 Re8 10. Re1 Qc7 11. e4 dxe4 12. Nxe4 h6 13. Nxd6 Rxe1+ 14. Nxe1 Qxd6 15. Nf3 Nb6 16. Be3 Nbd5 17. Qd2 Nh7 18. Ne5 Nxe3 19. fxe3 f6 20. Nf3 Be6 21. b3 c5 22. Rd1 cxd4 23. exd4 Bd5 24. Bc4 a6 25. a4 Bxc4 26. bxc4 Qc6 27. Qb4 Rc8 28. c5 Nf8 29. Qc4+ Kh7 30. Rc1 Rd8 31. Rd1 Rd5 32. Ne1 Ne6 33. Nc2 a5 34. Ne3 Rg5 35. d5 Qxc5 36. Qd3+ Kh8 37. dxe6 Re5 38. Re1 Rxe6 39. Kf1 Qh5 40. h3 Qh4 41. Qd1 Qf4+ 42. Qf3 Qb4 43. Nc2 Qc4+ 44. Kg1 Rxe1+ 45. Nxe1 Qb4 46. Qd1 Qb6+ 47. Kh1 Kg8 48. Nf3 Qc7 49. Qb3+ Kh8 50. Qb5 Qc1+ 51. Ng1 Qc7 1/2-1/2

[Event "FRA-ch U12 Girls"]
[Site "Agen"]
[Date "2022.04.18"]
[Round "2"]
[White "Allard Nedellec, Anna"]
[Black "Horsot, Maeva"]
[Result "1-0"]
[WhiteElo "1525"]
[BlackElo "1100"]
[PlyCount "69"]
[EventDate "2022.04.16"]
[EventType "swiss"]
[EventRounds "9"]
[EventCountry "FRA"]
[SourceTitle "EXT 2023"]
[Source "ChessBase"]
[SourceDate "2022.10.05"]
[SourceVersion "1"]
[SourceVersionDate "2022.10.05"]
[SourceQuality "1"]

1. e4 c5 2. Nf3 Nc6 3. Bb5 g6 4. Bxc6 bxc6 5. 0-0 Bg7 6. c3 e6 7. d4 cxd4 8. cxd4 Ne7 9. Nc3 0-0 10. b3 Ba6 11. Re1 d5 12. Ba3 Re8 13. e5 Qa5 14. Bb2 Rab8 15. Na4 Nf5 16. Rc1 Rec8 17. Bc3 Qb5 18. Nc5 Rc7 19. Qd2 Bh6 20. Ng5 Re7 21. a4 Qb6 22. f4 Rc8 23. Ba5 Qb8 24. Nxa6 Qxb3 25. Nc5 Qb8 26. Rb1 Qa8 27. g4 Ng7 28. Rb2 Rb8 29. Reb1 Rxb2 30. Qxb2 Ne8 31. Qb8 Qxb8 32. Rxb8 a6 33. Nb7 Bf8 34. Bb4 Rxb7 35. Rxb7 1-0

[Event "FRA-ch U12 Girls"]
[Site "Agen"]
[Date "2022.04.18"]
[Round "3"]
[White "Strievi, Leonie"]
[Black "Allard Nedellec, Anna"]
[Result "1-0"]
[WhiteElo "1038"]
[BlackElo "1525"]
[PlyCount "87"]
[EventDate "2022.04.16"]
[EventType "swiss"]
[EventRounds "9"]
[EventCountry "FRA"]
[SourceTitle "EXT 2023"]
[Source "ChessBase"]
[SourceDate "2022.10.05"]
[SourceVersion "1"]
[SourceVersionDate "2022.10.05"]
[SourceQuality "1"]

1. e4 e6 2. Nf3 d5 3. exd5 exd5 4. d4 Bd6 5. Nc3 Ne7 6. Bd3 c6 7. Be3 0-0 8. 0-0 Bf5 9. Re1 Nd7 10. Bxf5 Nxf5 11. Qd3 Nxe3 12. Rxe3 Nf6 13. h3 Qd7 14. Rae1 Rae8 15. Ne5 Qc7 16. Qf5 Bxe5 17. dxe5 Nd7 18. Nb1 Re7 19. Nd2 Nb6 20. b3 Qd7 21. Qf4 c5 22. Nf3 Qc6 23. Nh4 f6 24. e6 g6 25. Qh6 Rg7 26. e7 Re8 27. Re6 Qc7 28. Rxf6 Rexe7 29. Ree6 Rxe6 30. Rxe6 Qf7 31. Qe3 h6 32. Re8+ Kh7 33. Nf3 Nd7 34. g4 d4 35. Qe2 Nf6 36. Re6 Nd5 37. Qe4 Nf4 38. Re5 Nxh3+ 39. Kg2 Nxf2 40. Kxf2 b6 41. Rh5 Qf6 42. Rxh6+ Kg8 43. Qe8+ Qf8 44. Rh8+ 1-0

[Event "EU-ch U08 Girls"]
[Site "Bratislava"]
[Date "2019.08.10"]
[Round "9"]
[White "Huseynova, Dinara"]
[Black "Allard Nedellec, Anna"]
[Result "1-0"]
[WhiteElo "1207"]
[BlackElo "1247"]
[PlyCount "155"]
[EventDate "2019.08.02"]
[EventType "swiss"]
[EventRounds "9"]
[EventCountry "SVK"]
[SourceTitle "EXT 2020"]
[Source "ChessBase"]
[SourceDate "2019.10.17"]
[SourceVersion "1"]
[SourceVersionDate "2019.10.17"]
[SourceQuality "1"]

1. e4 e6 2. d4 d5 3. Nd2 Nf6 4. e5 Nfd7 5. Bd3 c5 6. c3 Nc6 7. Ne2 Be7 8. 0-0 0-0 9. Re1 b6 10. Bb5 Bb7 11. Qa4 Qc7 12. Nf3 a6 13. Bd3 c4 14. Bb1 Rfb8 15. Qc2 g6 16. h4 Bf8 17. h5 b5 18. hxg6 hxg6 19. Nf4 Bg7 20. Ng5 Nf8 21. Qe2 Nh7 22. Nxh7 Kxh7 23. Qg4 Rh8 24. Re3 Kg8 25. Rg3 Ne7 26. Nh3 Nf5 27. Bxf5 exf5 28. Qf3 Kf8 29. Ng5 Ke7 30. Bf4 Qc6 31. Re1 Rae8 32. e6 f6 33. Nf7 Kf8 34. Nxh8 Bxh8 35. Rxg6 Rxe6 36. Rxe6 Qxe6 37. Qe3 Qe4 38. Qxe4 fxe4 39. Bh6+ Kf7 40. Rg3 f5 41. f3 Kf6 42. Kf2 a5 43. Bf8 Kf7 44. Bc5 Bg7 45. Be7 f4 46. Rg5 e3+ 47. Ke2 Bh6 48. Rh5 Kxe7 49. Rxh6 Bc8 50. Rh4 Bf5 51. Rxf4 Bd3+ 52. Ke1 e2 53. g4 b4 54. g5 a4 55. a3 b3 56. Rf6 Ke8 57. Ra6 Kd7 58. g6 Ke7 59. Ra7+ Kf8 60. Rxa4 Bxg6 61. Ra8+ Kf7 62. Kxe2 Ke6 63. Ra6+ Kf5 64. Rxg6 Kxg6 65. a4 Kf6 66. a5 Kf5 67. a6 Kf4 68. a7 Kf5 69. a8Q Ke6 70. f4 Kf5 71. Qf8+ Ke6 72. f5+ Kd7 73. f6 Ke6 74. Qe7+ Kf5 75. f7 Kg6 76. f8Q Kh5 77. Qh7+ Kg5 78. Qff5# 1-0

[Event "EU-ch U08 Girls"]
[Site "Bratislava"]
[Date "2019.08.07"]
[Round "6"]
[White "Asachenko, Ksenia"]
[Black "Allard Nedellec, Anna"]
[Result "1/2-1/2"]
[WhiteElo "1169"]
[BlackElo "1247"]
[PlyCount "117"]
[EventDate "2019.08.02"]
[EventType "swiss"]
[EventRounds "9"]
[EventCountry "SVK"]
[SourceTitle "EXT 2020"]
[Source "ChessBase"]
[SourceDate "2019.10.17"]
[SourceVersion "1"]
[SourceVersionDate "2019.10.17"]
[SourceQuality "1"]

1. e4 e6 2. Qe2 Ne7 3. Nf3 d5 4. exd5 Nxd5 5. g3 Be7 6. Bg2 0-0 7. d4 c5 8. dxc5 Bxc5 9. 0-0 Qe7 10. a3 a5 11. Bd2 Nd7 12. Nc3 N7f6 13. Rfe1 b6 14. Nxd5 Nxd5 15. Ng5 Bb7 16. Ne4 Rac8 17. c4 Ba6 18. Rac1 Nf6 19. Bg5 Bd4 20. Red1 Rfd8 21. Nxf6+ Bxf6 22. Bxf6 Rxd1+ 23. Qxd1 Qxf6 24. Qb3 b5 25. c5 Qe5 26. c6 Qc7 27. Qc3 Kf8 28. Qc5+ Ke8 29. Be4 h6 30. b4 a4 31. Bd3 Rb8 32. f4 Qb6 33. Qxb6 Rxb6 34. Kf2 Kd8 35. Ke3 Kc7 36. Be4 Rb8 37. Rc2 Rd8 38. Rd2 Rxd2 39. Kxd2 f6 40. Kd3 Kd6 41. g4 Bc8 42. h4 e5 43. f5 Ba6 44. Ke3 Bc8 45. Kf3 Ba6 46. g5 h5 47. g6 Bc8 48. Ke3 Kc7 49. Kd3 Kd6 50. Ke3 Kc7 51. Kf3 Kd6 52. Kg3 Kc7 53. Kf3 Kd6 54. Ke3 Kc7 55. Kd3 Kd6 56. Ke3 Kc7 57. Kd3 Kd6 58. Ke3 Kc7 59. Kf2 1/2-1/2